Changes to housing legislation (Record no. 9581)

MARC details
000 -LEADER
fixed length control field 01204cab a2200217 4500
001 - CONTROL NUMBER
control field ABS55180
008 - FIXED-LENGTH DATA ELEMENTS--GENERAL INFORMATION
fixed length control field 090401t1996 xxu||||| |||| 00| 0 eng d
035 ## - SYSTEM CONTROL NUMBER
System control number (Sirsi) u14682
041 ## - LANGUAGE CODE
Language code of text/sound track or separate title eng
100 ## - MAIN ENTRY--PERSONAL NAME
Personal name Baker, C.
245 ## - TITLE STATEMENT
Title Changes to housing legislation
260 ## - PUBLICATION, DISTRIBUTION, ETC.
Date of publication, distribution, etc. 1996
350 ## - PRICE (NR) (BK AM CF MU VM SE) [OBSOLETE]
Price 0
490 ## - SERIES STATEMENT
Series statement Solicitors` Journal
Volume/sequential designation 140(21) 31 May 1996, 540-542(3)
520 ## - SUMMARY, ETC.
Summary, etc. Summary of the provisions of the Housing Bill and the Housing Grants, Construction and Regeneration Bill. The provisions of the Housing Bill are a framework for homelessness, further promotion of assured shorthold tenancies, powers for housing authorities and HATs to grant introductory tenancies, new grounds and procedures for obtaining possession in respect of anti-social behaviour and a new framework for the social rented sector. The Housing Grants Bill provides a new framework for renewal of private sector housing, introduces deferred action by local authorities in respect of unfit housing, creates a statutory footing for the Single Regeneration Budget.
650 ## - SUBJECT ADDED ENTRY--TOPICAL TERM
Topical term or geographic name entry element HOUSING BILL
650 ## - SUBJECT ADDED ENTRY--TOPICAL TERM
Topical term or geographic name entry element HOUSING GRANTS CONSTRUCTION AND REGENERATION BILL
690 ## - LOCAL SUBJECT ADDED ENTRY--TOPICAL TERM (OCLC, RLIN)
Topical term or geographic name as entry element HOUSING
942 ## - ADDED ENTRY ELEMENTS (KOHA)
Suppress in OPAC 0
948 ## - LOCAL PROCESSING INFORMATION (OCLC); SERIES PART DESIGNATOR (RLIN)
c (OCLC) 04/03/1997
Holdings
Withdrawn status Lost status Source of classification or shelving scheme Damaged status Not for loan Home library Current library Shelving location Date acquired Total Checkouts Full call number Barcode Date last seen Copy number Price effective from Koha item type
    Dewey Decimal Classification     London London Journal article 14/09/1999   ABS55180 14682-1001 06/08/2019 1 06/08/2019 Journal article